Technika vysokých napätí /

Gespeichert in:
Bibliographische Detailangaben
1. Verfasser: Gábriš, František (Verfasst von)
Format: Buch
Sprache:Slowakisch
Veröffentlicht: Bratislava : SVŠT v Bratislave, 1978
Ausgabe:1.vyd.
Tags: Tag hinzufügen
Keine Tags, Fügen Sie das erste Tag hinzu!

MARC

LEADER 00000nam a22000003a 4500
001 stu9721
005 20150617225804.5
008 970512s1978----cs------------------slo-d
040 |a STU  |b slo 
041 0 |a slo 
044 |a cs 
100 1 |a Gábriš, František  |4 aut 
245 1 |a Technika vysokých napätí /  |c [aut.] Gábriš,František 
250 |a 1.vyd. 
260 |a Bratislava :  |b SVŠT v Bratislave,  |c 1978 
996 |b E40504  |c E*40504  |l EE01  |s A  |a 24  |w stu9721_0001